000
00302nam a2200145Ia 4500
100
_a
Punmia/ B.C.
490
_v
1
942
_c
BK
654
_a
Materials
245
_a
Strength of materials
260
_b
Standard Publication
_a
Delhi
_c
81
082
_a
621.11
300
_a
720
546
_a
ENGLISH
999
_c
21153
_d
21153